|
|
|
|
| LEADER |
01009nam a2200241 a 4500 |
| 001 |
000030400 |
| 003 |
CZ BrMZK |
| 005 |
19950313143423.0 |
| 008 |
950313s1993 xr f cze d |
| 040 |
|
|
|a BOA001
|b cze
|
| 080 |
|
|
|a 614.31
|2 MRF
|
| 100 |
1 |
|
|a Turek, Bohumil,
|d 1935-2021
|7 nlk20000076281
|4 aut
|
| 245 |
1 |
0 |
|a Informace o systémech monitoringu se zaměřením na zátěž populace toxickými látkami z potravin /
|c Zprac.: B. Turek.
|
| 260 |
|
|
|a Praha :
|b Státní zdravotní ústav,
|c 1993
|
| 300 |
|
|
|a 36 s., tab. a mp. příl.
|
| 500 |
|
|
|a Samost. příl. čsp.: Acta hygienica, epidemiologica et microbiologica, č.4/1993
|
| 653 |
0 |
|
|a kontaminace
|a potraviny
|a toxické látky
|
| 910 |
|
|
|a BOA001
|b X-1010.967
|
| 964 |
|
|
|a Potraviny
|x látky toxické
|x monitorování
|
| 964 |
|
|
|a Kontaminace
|x potraviny
|x monitorování
|
| 964 |
|
|
|a Látky toxické
|x potraviny
|x monitorování
|
| 990 |
|
|
|a BK
|
| 996 |
7 |
|
|b 2610023787
|c X-1010.967
|l MZK
|r Sklad / do 24 hodin
|n 27
|p p.v.
|w 000030400
|u 000010
|a 1
|e BOA001
|j MZK50
|s A
|